WNBA #1 Draft Picks - Statistics

General Stats
  • This quiz has been taken 261 times
  • The average score is 12 of 28
Answer Stats
Hint Answer % Correct
2024 Caitlin Clark
99%
2002 Sue Bird
84%
2018 A'ja Wilson
83%
2004 Diana Taurasi
79%
2023 Aliyah Boston
78%
2016 Breanna Stewart
77%
2020 Sabrina Ionescu
66%
2011 Maya Moore
65%
2017 Kelsey Plum
64%
2013 Brittney Griner
56%
2008 Candace Parker
55%
2021 Charli Collier
50%
2019 Jackie Young
50%
2022 Rhyne Howard
50%
2010 Tina Charles
43%
2012 Nneka Ogwumike
34%
2015 Jewell Loyd
33%
2014 Chiney Ogwumike
31%
2001 Lauren Jackson
22%
1997 Tina Thompson
21%
2003 LaToya Thomas
17%
2006 Seimone Augustus
15%
2009 Angel McCoughtry
11%
1999 Chamique Holdsclaw
11%
1998 Margo Dydek
9%
2007 Lindsey Harding
8%
2000 Ann Wauters
6%
2005 Janel McCarville
6%
No matching quizzes found
Score Distribution
Percent of People with Each Score
Percentile by Number Answered
Your Score History
You have not taken this quiz